=LDR 00000nam 2200000 4500 =001 INLIS000000000021202 =005 20130612120100 =008 ***********************************Ind** =035 ##$$a0010-061300000021202 =041 ##$$a Ind =082 ##$$a 530 =090 ##$$a 530, Sud a =100 ##$$a Soedojo, Peter =245 ##$$a Azaz-azaz ilmu fisika modern, Dr. Peter Soedojo =260 ##$$a 2001 $b Yogyakarta =300 ##$$a xiv, 419 hlm, ilus, 21 cm =650 ##$$a Fisika =850 ##$$a NBPNMAT =990 ##$$a 92642/BPAP-NTB/2014